[Event "81st ch-ESP 2016"]
[White "Anton Guijarro, David"]
[Black "Forcen Esteban, Daniel"]
[Site "Linares ESP"]
[Result "1-0"]
[Date "2016.08.13"]
[WhiteElo "2627"]
[BlackElo "2561"]
[PlyCount "133"]

1. e4 c5 2. Nf3 d6 3. Bb5+ Nd7 4. 0-0 a6 5. Bd3 Ngf6 6. c3 b5 7. Bc2 Bb7 8. Qe2 e6 9. d4 Be7 10. Re1 Rc8 11. a4 b4 12. Bd3 bxc3 13. bxc3 cxd4 14. cxd4 0-0 15. Nbd2 a5 16. h3 Nb8 17. Bb2 d5 18. e5 Nfd7 19. Ba3 Bxa3 20. Rxa3 Nc6 21. Nf1 Qe7 22. Qe3 Nb4 23. Ng3 Nxd3 24. Rxd3 Ba6 25. Rb3 Bc4 26. Rb7 Ba6 27. Ra7 Ra8 28. Rc7 Rfc8 29. Rec1 Bc4 30. Rb7 Rcb8 31. Rcb1 Qd8 32. Nh5 h6 33. Nd2 Nf8 34. Nf6+ Kh8 35. Rxf7 Rxb1+ 36. Nxb1 Nh7 37. Nxh7 Kxh7 38. Nd2 Qe8 39. Rc7 Rc8 40. Rxc8 Qxc8 41. Qc3 Qa6 42. f3 Be2 43. Nb3 Bd1 44. Nc5 Qc4 45. Qxc4 dxc4 46. Kf2 c3 47. Ke3 Bc2 48. Nxe6 Bxa4 49. Nc5 Bb5 50. d5 a4 51. Ne4 a3 52. Nxc3 Kg6 53. g4 Bc4 54. d6 Kf7 55. f4 a2 56. Nxa2 Bxa2 57. f5 Bd5 58. Kf4 Bc6 59. h4 Bd7 60. h5 Bb5 61. g5 Be2 62. e6+ Ke8 63. gxh6 gxh6 64. Ke5 Bxh5 65. d7+ Kd8 66. Kd6 Bf7 67. e7# 1-0

[Event "81st ch-ESP 2016"]
[White "Vazquez Igarza, Renier"]
[Black "Huerga Leache, Mikel"]
[Site "Linares ESP"]
[Result "1/2-1/2"]
[Date "2016.08.13"]
[WhiteElo "2589"]
[BlackElo "2455"]
[PlyCount "94"]

1. Nf3 c5 2. c4 Nf6 3. Nc3 d5 4. cxd5 Nxd5 5. d4 Nxc3 6. bxc3 cxd4 7. cxd4 e6 8. g3 Bb4+ 9. Bd2 Bxd2+ 10. Qxd2 0-0 11. Bg2 Nc6 12. Rb1 Qd6 13. 0-0 Rb8 14. Rfd1 b6 15. e4 h6 16. h3 Bb7 17. d5 exd5 18. exd5 Ne5 19. Nxe5 Qxe5 20. d6 Bxg2 21. Kxg2 Rfd8 22. Rb3 Rd7 23. Re3 Qf6 24. Rd3 Rbd8 25. Qb4 Qe5 26. Rd5 Qe6 27. Qd4 Re8 28. Rc1 Red8 29. Rc6 Qg6 30. a4 Qe6 31. h4 Qg6 32. h5 Qe6 33. Kh2 Kh8 34. Kg1 Kg8 35. Kg2 Kh8 36. Re5 Qf6 37. Qe4 g6 38. hxg6 Qxg6 39. Qd4 Kh7 40. Rd5 Re8 41. Rc3 Qe4+ 42. Qxe4+ Rxe4 43. a5 bxa5 44. Rxa5 Re6 45. Rc7 Rexd6 46. Raxa7 Rxc7 47. Rxc7 Kg7 1/2-1/2

[Event "81st ch-ESP 2016"]
[White "Asis Gargatagli, Hipolito"]
[Black "Cuenca Jimenez, Jose Fernando"]
[Site "Linares ESP"]
[Result "1-0"]
[Date "2016.08.13"]
[WhiteElo "2487"]
[BlackElo "2541"]
[PlyCount "73"]

1. e4 e6 2. d4 d5 3. Nc3 Nf6 4. Bg5 Be7 5. e5 Nfd7 6. h4 h6 7. Be3 c5 8. Qg4 Rg8 9. dxc5 Nxe5 10. Qg3 Nbc6 11. 0-0-0 Qa5 12. Kb1 Qb4 13. a3 Qg4 14. Qh2 Bd7 15. f3 Qf5 16. g4 Qh7 17. Nb5 Kf8 18. h5 f6 19. Qg3 a6 20. Nd4 Rc8 21. f4 Nc4 22. Bd3 Qh8 23. Nxc6 Bxc6 24. Bd4 Be8 25. Nf3 g5 26. fxg5 hxg5 27. h6 Bf7 28. h7 Rg7 29. Rh6 e5 30. Bxc4 dxc4 31. Nxe5 Rd8 32. Nxf7 Rxf7 33. Qh2 Rd7 34. c3 Bd8 35. c6 Rxh7 36. Bc5+ Kg8 37. Rxd7 1-0

[Event "81st ch-ESP 2016"]
[White "Alonso Rosell, Alvar"]
[Black "Gonzalez De La Torre, Santiago"]
[Site "Linares ESP"]
[Result "1-0"]
[Date "2016.08.13"]
[WhiteElo "2524"]
[BlackElo "2452"]
[PlyCount "92"]

1. Nf3 d5 2. d4 Nf6 3. c4 c6 4. Nc3 e6 5. e3 Nbd7 6. Qc2 Bd6 7. Bd3 0-0 8. 0-0 dxc4 9. Bxc4 b5 10. Be2 Bb7 11. e4 e5 12. dxe5 Nxe5 13. Nd4 Neg4 14. g3 Bxg3 15. hxg3 Qxd4 16. Qd1 Qxd1 17. Rxd1 Rfe8 18. f3 Ne5 19. Be3 Ned7 20. Rd6 h6 21. Rad1 Re7 22. a3 a5 23. Kf2 Rae8 24. Bf1 Ba8 25. b3 Rb8 26. Bh3 Ne5 27. Rd8+ Re8 28. Rxb8 Rxb8 29. Ba7 Re8 30. Bb6 b4 31. axb4 axb4 32. Na4 g5 33. Rd6 Kg7 34. Bd4 g4 35. Bxg4 Nfxg4+ 36. fxg4 f6 37. Bxe5 Rxe5 38. Rd8 Ra5 39. Nb6 Ra3 40. Rxa8 Rxb3 41. Ra7+ Kg6 42. Nd7 Kg5 43. Nc5 Rb2+ 44. Kf3 h5 45. Ne6+ Kh6 46. Nd4 Rb3+ 1-0

[Event "81st ch-ESP 2016"]
[White "Del Rio De Angelis, Salvador G."]
[Black "Munoz, Miguel"]
[Site "Linares ESP"]
[Result "0-1"]
[Date "2016.08.13"]
[WhiteElo "2522"]
[BlackElo "2451"]
[PlyCount "90"]

1. d4 Nf6 2. c4 c5 3. d5 e6 4. Nc3 exd5 5. cxd5 d6 6. Nf3 a6 7. a4 g6 8. Nd2 Nbd7 9. e4 Bg7 10. Be2 0-0 11. 0-0 Ne8 12. f4 Rb8 13. Kh1 f5 14. exf5 gxf5 15. Nc4 Nb6 16. Ne3 Bd4 17. Rf3 Ng7 18. Bd2 Bd7 19. Bd3 Nc8 20. a5 Ne7 21. Nc4 Be8 22. Rg3 Kh8 23. Rb1 Bh5 24. Be2 Bf7 25. Nb6 Ng8 26. Be3 Bxc3 27. bxc3 Nf6 28. Rh3 Qe7 29. c4 Rbe8 30. Na4 Bg6 31. Nc3 Ng4 32. Bg1 Rf7 33. Rb2 Qf6 34. Qe1 Nh5 35. Rf3 Rfe7 36. h3 Kg8 37. Rb6 Ne3 38. Qc1 Qd4 39. g3 Nf6 40. Nd1 Bh5 41. g4 fxg4 42. Rxe3 Rxe3 43. Bxe3 Qe4+ 44. Kg1 gxh3 45. Bf1 Bxd1 0-1

[Event "81st ch-ESP 2016"]
[White "Lopez Martinez, Josep Manuel"]
[Black "Montoliu Cervero, Francisco"]
[Site "Linares ESP"]
[Result "1-0"]
[Date "2016.08.13"]
[WhiteElo "2550"]
[BlackElo "2346"]
[PlyCount "59"]

1. e4 c5 2. Nf3 d6 3. d4 cxd4 4. Nxd4 Nf6 5. Nc3 g6 6. Be3 Bg7 7. f3 Nc6 8. Qd2 0-0 9. Bc4 Bd7 10. 0-0-0 Rc8 11. Bb3 Nxd4 12. Bxd4 b5 13. Nd5 Nxd5 14. exd5 Bxd4 15. Qxd4 a5 16. a3 Rc5 17. Rhe1 Qc7 18. Rd2 Bf5 19. g4 a4 20. Bxa4 e5 21. Qg1 Bxg4 22. Qxg4 f5 23. Qb4 bxa4 24. Qxa4 Rb8 25. Qa6 Rcb5 26. c4 Qxc4+ 27. Rc2 Qxd5 28. Rd1 Qa2 29. Qxd6 Rxb2 30. Qxb8+ 1-0

[Event "81st ch-ESP 2016"]
[White "Meneses Gonzalez, Kevin Moises"]
[Black "Santos Ruiz, Miguel"]
[Site "Linares ESP"]
[Result "0-1"]
[Date "2016.08.13"]
[WhiteElo "2337"]
[BlackElo "2440"]
[PlyCount "36"]

1. Nf3 c5 2. c4 Nc6 3. g3 g6 4. Bg2 Bg7 5. 0-0 d6 6. Nc3 Bf5 7. a3 Qd7 8. Re1 Bh3 9. Bh1 h5 10. Rb1 h4 11. b4 hxg3 12. hxg3 Qf5 13. Bb2 Ne5 14. bxc5 Bf1 15. Nh4 Qh3 16. e3 Nf6 17. Ne4 Nfg4 18. Bxe5 Be2 0-1

[Event "81st ch-ESP 2016"]
[White "Martinez Lopez, David"]
[Black "Suarez Garcia, Carlos"]
[Site "Linares ESP"]
[Result "1-0"]
[Date "2016.08.13"]
[WhiteElo "2334"]
[BlackElo "2426"]
[PlyCount "80"]

1. e4 d6 2. d4 Nf6 3. Nc3 g6 4. f3 c6 5. Be3 b5 6. Qd2 Bg7 7. h4 h5 8. a4 b4 9. Nd1 a5 10. Nh3 Ba6 11. Bxa6 Nxa6 12. Ndf2 c5 13. c3 0-0 14. 0-0 Nd7 15. Bh6 Qb6 16. Bxg7 Kxg7 17. Rfd1 Rab8 18. Nf4 Rh8 19. Nd5 Qd8 20. Qe2 Nc7 21. dxc5 Nxd5 22. Rxd5 Nxc5 23. e5 e6 24. Rxd6 Qxh4 25. Qe3 Rhc8 26. Rd4 Qe7 27. cxb4 axb4 28. a5 Na6 29. Ne4 Rc2 30. Nf6 Rd8 31. Rad1 Qc5 32. Nxh5+ Kh7 33. Nf6+ Kg7 34. Ng4 Rh8 35. Qf4 Rc4 36. Ne3 Rxd4 37. Rxd4 Qe7 38. Ng4 g5 39. Qe3 Rd8 40. Nf6 Nb8 1-0

[Event "81st ch-ESP 2016"]
[White "Matnadze, Ana"]
[Black "Escudero Manzano, Sergio"]
[Site "Linares ESP"]
[Result "1-0"]
[Date "2016.08.13"]
[WhiteElo "2355"]
[BlackElo "2290"]
[PlyCount "111"]

1. d4 Nf6 2. Nf3 e6 3. c4 b6 4. g3 Bb7 5. Bg2 g6 6. 0-0 Bg7 7. d5 0-0 8. Nc3 exd5 9. cxd5 Re8 10. Nd4 a6 11. Bg5 h6 12. Bf4 d6 13. Rc1 Nbd7 14. e4 b5 15. a3 Nb6 16. b3 Nfd7 17. Be3 Qe7 18. Re1 Qf6 19. f4 Rab8 20. Nc6 Bxc6 21. dxc6 Nc5 22. e5 Qe6 23. Nd5 Nxd5 24. Bxd5 Qe7 25. Bxc5 dxc5 26. Qc2 c4 27. bxc4 Qc5+ 28. Qf2 Bf8 29. e6 fxe6 30. Bxe6+ Kg7 31. cxb5 Qxf2+ 32. Kxf2 Bxa3 33. Rcd1 axb5 34. Rd7+ Re7 35. Bd5 Rbe8 36. Rxc7 Kf6 37. Rcxe7 Rxe7 38. Rxe7 Kxe7 39. Kf3 Kd6 40. Be4 g5 41. f5 h5 42. f6 Bb2 43. f7 Bg7 44. Bd5 b4 45. Ke4 h4 46. g4 Bf8 47. Kf5 Be7 48. h3 b3 49. Bxb3 Kxc6 50. Ke6 Bf8 51. Kf6 Kd6 52. Kxg5 Ke5 53. Kg6 Kf4 54. Be6 Ke5 55. Bc8 Kf4 56. Kf6 1-0

[Event "81st ch-ESP 2016"]
[White "Fernandez Diaz, Cristian"]
[Black "Arizmendi Martinez, Julen Luis"]
[Site "Linares ESP"]
[Result "0-1"]
[Date "2016.08.13"]
[WhiteElo "2332"]
[BlackElo "2496"]
[PlyCount "64"]

1. d4 e6 2. c4 Nf6 3. Nc3 Bb4 4. e3 d5 5. Nge2 dxc4 6. a3 Ba5 7. Qa4+ c6 8. Qxc4 Nbd7 9. g3 e5 10. Bg2 0-0 11. 0-0 Re8 12. b4 Bc7 13. Rd1 e4 14. Qb3 Nb6 15. a4 Nbd5 16. b5 Bg4 17. Re1 Qd7 18. Bd2 Bf3 19. Bf1 h5 20. bxc6 bxc6 21. Nxd5 cxd5 22. Rec1 Bd6 23. Nc3 Rab8 24. Qa2 Qf5 25. Nb5 Re6 26. Nxa7 Ng4 27. Be1 Nxh2 28. Kxh2 h4 29. Bg2 Rh6 30. Kg1 Bxg2 31. Rc8+ Rxc8 32. Nxc8 Bf3 0-1

[Event "81st ch-ESP 2016"]
[White "Alvarado Diaz, Alejandro"]
[Black "Domingo Nunez, Ruben"]
[Site "Linares ESP"]
[Result "1-0"]
[Date "2016.08.13"]
[WhiteElo "2441"]
[BlackElo "2321"]
[PlyCount "53"]

1. g3 Nf6 2. Bg2 e6 3. f4 d5 4. Nf3 c5 5. 0-0 Nc6 6. d3 Be7 7. c3 Rb8 8. a4 a6 9. Nbd2 0-0 10. e4 dxe4 11. dxe4 b5 12. axb5 axb5 13. Qe2 c4 14. h3 Qb6+ 15. Kh2 Ba6 16. Re1 Rfd8 17. Nf1 Bc5 18. e5 Nd5 19. Ng5 Be7 20. f5 exf5 21. e6 f6 22. Nf7 Ne5 23. Nxe5 fxe5 24. Qxe5 Bb7 25. Ne3 f4 26. gxf4 Nxf4 27. Nf5 1-0

[Event "81st ch-ESP 2016"]
[White "Suarez Gomez, Julio"]
[Black "Henderson de La Fuente, Lance"]
[Site "Linares ESP"]
[Result "1-0"]
[Date "2016.08.13"]
[WhiteElo "2429"]
[BlackElo "2306"]
[PlyCount "217"]

1. e4 e5 2. Nf3 Nc6 3. Bb5 a6 4. Ba4 Nf6 5. d3 b5 6. Bb3 Be7 7. a4 Rb8 8. Nc3 0-0 9. 0-0 d6 10. Be3 Na5 11. Ba2 b4 12. Ne2 b3 13. cxb3 c5 14. h3 Be6 15. Nd2 d5 16. Bg5 h6 17. Bh4 Nc6 18. Nc3 Nb4 19. Bb1 d4 20. Na2 g5 21. Nxb4 Rxb4 22. Bg3 Nd7 23. Bc2 f6 24. Qe2 Kg7 25. Bd1 Rh8 26. h4 Nf8 27. h5 Nd7 28. Nc4 Qc7 29. Rc1 Rhb8 30. f3 Rc8 31. Be1 Rbb8 32. Ba5 Qb7 33. Rf2 Bf7 34. g3 Bxh5 35. Rh2 Bf7 36. f4 Rh8 37. Bd2 Nb6 38. Na5 Qd7 39. Qf2 h5 40. f5 Rh7 41. Be2 Rbh8 42. Rf1 Kf8 43. Kg2 Be8 44. Rfh1 Bd6 45. Qf1 Qg7 46. Kf2 h4 47. gxh4 Rxh4 48. Rxh4 gxh4 49. Rg1 Qh7 50. Qh3 Bf7 51. Kf1 Bh5 52. Be1 Bxe2+ 53. Kxe2 Qh5+ 54. Qf3 Qh7 55. Qh3 Qh5+ 56. Kd2 Kf7 57. Rg4 Bf8 58. Qxh4 c4 59. Nxc4 Nxc4+ 60. bxc4 Bb4+ 61. Kd1 Bxe1 62. Qxh5+ Rxh5 63. Kxe1 Rh2 64. b4 Ra2 65. b5 Rxa4 66. bxa6 Rxa6 67. Kd2 Ra2+ 68. Kc1 Ra3 69. Rg3 Rc3+ 70. Kd2 Ra3 71. Rh3 Kg7 72. Rf3 Kf7 73. Rf2 Ra2+ 74. Ke1 Ra1+ 75. Ke2 Ra3 76. Rg2 Rb3 77. Rg3 Ra3 78. Rh3 Kg7 79. Kd2 Ra2+ 80. Kc1 Ra3 81. Rf3 Kf7 82. Kd2 Kf8 83. Rf1 Ra2+ 84. Ke1 Kf7 85. Rf2 Ra1+ 86. Ke2 Ra3 87. Rg2 Rb3 88. Rg3 Ra3 89. Kf2 Ra2+ 90. Kf3 Rd2 91. Kg4 Rd1 92. Rh3 Kg7 93. Kh5 Rd2 94. c5 Rc2 95. Rg3+ Kf7 96. Rg1 Rxc5 97. Ra1 Rc7 98. Kh6 Rb7 99. Ra8 Rb3 100. Ra7+ Ke8 101. Kg6 Rb6 102. Rf7 Rb3 103. Kxf6 Rb6+ 104. Kg7 Rb3 105. Ra7 Rxd3 106. Kf6 Rb3 107. Kxe5 d3 108. Ra2 Rb8 109. Kd4 1-0

[Event "81st ch-ESP 2016"]
[White "Merario Alarcon, Andres"]
[Black "Espinosa Aranda, Angel"]
[Site "Linares ESP"]
[Result "0-1"]
[Date "2016.08.13"]
[WhiteElo "2262"]
[BlackElo "2422"]
[PlyCount "105"]

1. f4 g6 2. Nf3 d5 3. g3 Bg7 4. Bg2 Nh6 5. 0-0 c6 6. e3 0-0 7. Qe2 Nd7 8. d4 Nf5 9. c4 dxc4 10. Rd1 Nb6 11. Na3 Nd6 12. e4 Bg4 13. h3 Bxf3 14. Qxf3 f5 15. e5 Ne4 16. Kh2 Qd5 17. Qe2 Rad8 18. Be3 c3 19. b3 Qa5 20. Nc4 Qa6 21. Rac1 Nd5 22. Bg1 c2 23. Qxc2 Nb4 24. Qb2 Qxa2 25. Bxe4 fxe4 26. Qxa2 Nxa2 27. Rc2 Nb4 28. Re2 g5 29. fxg5 Rf3 30. Re3 Rdf8 31. Nd2 Rxe3 32. Bxe3 Nc2 33. Nc4 b5 34. Rc1 bxc4 35. Rxc2 cxb3 36. Rb2 Rb8 37. Bd2 c5 38. dxc5 Bxe5 39. Rb1 Bd4 40. c6 b2 41. Ba5 Rf8 42. h4 Rf2+ 43. Kh3 Rc2 44. c7 Be5 45. Kg4 Rc1 46. Bd2 Rxc7 47. Kf5 Bg7 48. h5 Rc5+ 49. Kxe4 a5 50. h6 Bh8 51. Be3 Re5+ 52. Kf4 Rb5 53. Ke4 0-1

[Event "81st ch-ESP 2016"]
[White "Vega Gutierrez, Sabrina"]
[Black "Suarez Uriel, Adrian"]
[Site "Linares ESP"]
[Result "1-0"]
[Date "2016.08.13"]
[WhiteElo "2408"]
[BlackElo "2311"]
[PlyCount "89"]

1. e4 c5 2. Nf3 d6 3. d4 Nf6 4. Nc3 cxd4 5. Nxd4 Bd7 6. Bg5 e6 7. Qd2 a6 8. f4 h6 9. Bxf6 Qxf6 10. Nf3 Nc6 11. h4 0-0-0 12. 0-0-0 Kb8 13. Qe3 d5 14. exd5 Bd6 15. g3 exd5 16. Nxd5 Qe6 17. Qb6 Nb4 18. f5 Nxd5 19. fxe6 Nxb6 20. Rxd6 Bc6 21. Rxc6 bxc6 22. Ne5 Rde8 23. Nxc6+ Kc7 24. exf7 Re3 25. Nd4 Rf8 26. Kd2 Re7 27. Bxa6 Rfxf7 28. Rf1 Rxf1 29. Bxf1 Rf7 30. Be2 Kd6 31. b3 Rd7 32. Bg4 Rf7 33. a4 Nd5 34. Bf3 g5 35. hxg5 hxg5 36. a5 Ke5 37. c3 g4 38. Bxg4 Rg7 39. Bf3 Rxg3 40. a6 Nb6 41. a7 Rg8 42. Nb5 Rc8 43. c4 Rf8 44. Bb7 Rh8 45. Ke1 1-0

[Event "81st ch-ESP 2016"]
[White "Garza Marco, Sergio"]
[Black "Plazuelo Pascual, Juan"]
[Site "Linares ESP"]
[Result "1/2-1/2"]
[Date "2016.08.13"]
[WhiteElo "2391"]
[BlackElo "2256"]
[PlyCount "60"]

1. d4 Nf6 2. Nf3 b6 3. Bf4 Bb7 4. e3 e6 5. Bd3 h6 6. h3 Bd6 7. 0-0 Bxf4 8. exf4 0-0 9. Nbd2 Nc6 10. c3 Ne7 11. Re1 d6 12. a4 a5 13. Nc4 Ned5 14. g3 Qd7 15. Bf1 Rfe8 16. Bg2 Rab8 17. Qd2 Ba6 18. b3 Bxc4 19. bxc4 Ne7 20. Qc2 c5 21. Rab1 Rec8 22. Qb3 cxd4 23. cxd4 Qc7 24. Rbc1 d5 25. Ne5 Qd6 26. Qb2 Nf5 27. Red1 dxc4 28. Rxc4 Rxc4 29. Nxc4 Qd7 30. Qa1 Nd5 1/2-1/2

[Event "81st ch-ESP 2016"]
[White "Domingo Nunez, Alejandro"]
[Black "Silva Rodriguez, Fernando"]
[Site "Linares ESP"]
[Result "1-0"]
[Date "2016.08.13"]
[WhiteElo "2344"]
[BlackElo "2255"]
[PlyCount "77"]

1. e4 e5 2. Nf3 Nc6 3. Bc4 Bc5 4. c3 Nf6 5. d3 a6 6. 0-0 Ba7 7. Re1 0-0 8. h3 d6 9. Bb3 Be6 10. Bc2 Qd7 11. Nbd2 Ne7 12. Nf1 Ng6 13. Ng3 h6 14. d4 c6 15. Be3 Rfe8 16. Qd2 Rad8 17. Rad1 Qe7 18. Nf5 Bxf5 19. exf5 Nf8 20. dxe5 dxe5 21. Qe2 Bxe3 22. Qxe3 Rxd1 23. Bxd1 N8d7 24. Qa7 Qd6 25. Qxb7 Rb8 26. Qxa6 Rxb2 27. Bb3 e4 28. Qc8+ Qf8 29. Qxf8+ Kxf8 30. Nd4 c5 31. Nc6 Nb6 32. Ne5 Ke7 33. Nd3 Rd2 34. Nxc5 Nbd5 35. Nxe4 Nxe4 36. Rxe4+ Kf6 37. Bxd5 Rxd5 38. g4 Rc5 39. c4 1-0

[Event "81st ch-ESP 2016"]
[White "Carrasco Martinez, Juan M."]
[Black "Lianes Garcia, Marcos"]
[Site "Linares ESP"]
[Result "1/2-1/2"]
[Date "2016.08.13"]
[WhiteElo "2342"]
[BlackElo "2236"]
[PlyCount "62"]

1. d4 Nf6 2. Nf3 e6 3. c4 Nc6 4. d5 Ne7 5. Nc3 Ng6 6. g3 Bc5 7. Bg2 a5 8. 0-0 0-0 9. b3 e5 10. e3 d6 11. Qc2 Bd7 12. a3 Qc8 13. Rb1 Bf5 14. e4 Bh3 15. b4 Bxg2 16. Kxg2 axb4 17. axb4 Bd4 18. Nb5 Qg4 19. Nbxd4 exd4 20. Rd1 Qxe4 21. Qxe4 Nxe4 22. Rxd4 Rfe8 23. Rb2 Ra1 24. Be3 Ra3 25. Rc2 b6 26. Ne1 Nf6 27. c5 bxc5 28. bxc5 Ne7 29. cxd6 cxd6 30. Bg5 Nexd5 31. Nf3 h6 1/2-1/2

[Event "81st ch-ESP 2016"]
[White "Tejedor Fuente, Enrique"]
[Black "Bernabeu Lopez, Carlos Javier"]
[Site "Linares ESP"]
[Result "0-1"]
[Date "2016.08.13"]
[WhiteElo "2377"]
[BlackElo "2267"]
[PlyCount "124"]

1. e4 e5 2. Nf3 Nf6 3. Nxe5 Nxe4 4. Qe2 Qe7 5. Qxe4 d6 6. d4 dxe5 7. dxe5 Nc6 8. Bb5 Bd7 9. Nc3 0-0-0 10. Bf4 Qb4 11. 0-0-0 Qxe4 12. Nxe4 Nxe5 13. Bxd7+ Nxd7 14. Ng5 Be7 15. Rhe1 Bxg5 16. Bxg5 f6 17. Bf4 Rhe8 18. h4 Nb6 19. Rxd8+ Rxd8 20. b3 Nd5 21. Bd2 c6 22. Re4 Nc7 23. Rg4 Ne6 24. Be3 a6 25. Re4 Kd7 26. g4 Rf8 27. f3 b5 28. Bd2 f5 29. Re3 fxg4 30. fxg4 c5 31. b4 c4 32. a4 Rf1+ 33. Kb2 Rf4 34. axb5 axb5 35. Re5 Rxg4 36. h5 Nc7 37. Rc5 Rd4 38. Kc3 Rd5 39. Rxd5+ Nxd5+ 40. Kd4 Kd6 41. h6 gxh6 42. Bxh6 Kc6 43. c3 Kd6 44. Bf8+ Ke6 45. Bh6 Kd6 46. Bf8+ Kc6 47. Bh6 Nb6 48. Ke5 Na4 49. Kd4 Kd7 50. Kd5 Nxc3+ 51. Kc5 Na2 52. Kxb5 c3 53. Kc4 c2 54. Kd3 c1=Q 55. Bxc1 Nxc1+ 56. Ke3 Nb3 57. Ke4 Kd6 58. Kf5 Nd4+ 59. Kf6 Ne6 60. b5 h5 61. Kf5 Ng7+ 62. Ke4 Kc5 0-1

[Event "81st ch-ESP 2016"]
[White "Bravo Barranco, Narciso"]
[Black "Ladron De Guevara Pinto, Paolo"]
[Site "Linares ESP"]
[Result "0-1"]
[Date "2016.08.13"]
[WhiteElo "2251"]
[BlackElo "2369"]
[PlyCount "52"]

1. e4 e5 2. Nf3 Nc6 3. Bb5 g6 4. 0-0 Bg7 5. c3 a6 6. Ba4 d6 7. h3 Bd7 8. d4 Nf6 9. Re1 0-0 10. d5 Ne7 11. Bxd7 Nxd7 12. c4 h6 13. Nc3 f5 14. b4 a5 15. bxa5 Rxa5 16. Nd2 f4 17. Nb3 Ra8 18. Qg4 h5 19. Qe6+ Kh7 20. h4 Nf5 21. exf5 Rxf5 22. Ne4 Nf8 23. Ng5+ Rxg5 24. Qh3 Rg4 25. Nd2 Rxh4 26. Qb3 b6 0-1

[Event "81st ch-ESP 2016"]
[White "Vehi Bach, Victor Manuel"]
[Black "Hernandez Estevez, Yudania"]
[Site "Linares ESP"]
[Result "1-0"]
[Date "2016.08.13"]
[WhiteElo "2318"]
[BlackElo "2232"]
[PlyCount "115"]

1. e4 c6 2. d4 d5 3. e5 Bf5 4. Nd2 e6 5. Nb3 Nd7 6. Nf3 Ne7 7. Be2 Bg4 8. 0-0 Nf5 9. Re1 h5 10. h3 Bxf3 11. Bxf3 g6 12. Be3 Bh6 13. Qd2 Rc8 14. Bxh6 Nxh6 15. c4 Nf5 16. cxd5 cxd5 17. Rac1 0-0 18. Rxc8 Qxc8 19. Rc1 Qd8 20. Be2 f6 21. exf6 Nxf6 22. Qg5 Kf7 23. Bd3 Qd6 24. g4 hxg4 25. hxg4 Ne7 26. Nd2 Kg7 27. Nf3 Nh7 28. Qe5+ Qxe5 29. Nxe5 Nc6 30. Nxg6 Rf7 31. Ne5 Nxe5 32. dxe5 Ng5 33. Kg2 Nf3 34. Bb5 Nxe5 35. Re1 Ng6 36. Kg3 e5 37. Be8 Re7 38. Bxg6 Kxg6 39. Rd1 Rd7 40. f4 e4 41. f5+ Kg5 42. Rf1 Rd6 43. Rh1 d4 44. Rh5+ Kf6 45. Kf4 d3 46. g5+ Kg7 47. Rh1 Rb6 48. Kxe4 Rxb2 49. Rh3 Rxa2 50. Rxd3 Ra4+ 51. Ke5 Ra5+ 52. Ke6 Ra6+ 53. Ke7 Ra1 54. Re3 Rf1 55. f6+ Kg6 56. Re6 Kxg5 57. f7 b5 58. Re5+ 1-0

[Event "81st ch-ESP 2016"]
[White "Navarro Lopez-Menchero, Daniel"]
[Black "Ortega Lopez, Mikel"]
[Site "Linares ESP"]
[Result "1/2-1/2"]
[Date "2016.08.13"]
[WhiteElo "2233"]
[BlackElo "2299"]
[PlyCount "154"]

1. Nf3 d5 2. d4 e6 3. Bf4 Nf6 4. c3 Be7 5. h3 0-0 6. e3 c5 7. Nbd2 b6 8. Be2 Bb7 9. 0-0 Nbd7 10. Re1 Ne4 11. Ne5 Nxe5 12. Bxe5 Nxd2 13. Qxd2 Bd6 14. Bxd6 Qxd6 15. Bf3 Rad8 16. Qc2 cxd4 17. exd4 b5 18. Qb3 Bc6 19. Qb4 Qc7 20. Bd1 Rb8 21. Re3 Rfc8 22. Qb3 Be8 23. Qc2 b4 24. Qd2 Qf4 25. Bb3 bxc3 26. bxc3 a5 27. Bxd5 Bc6 28. Bxc6 Rxc6 29. Rc1 Rbc8 30. Qd3 Rc4 31. g3 Qd6 32. Qd2 h6 33. Rd3 Qd5 34. Rb1 Qf5 35. Kg2 Qd5+ 36. Kh2 Rd8 37. Qb2 Rdc8 38. Re1 Qf5 39. Rde3 a4 40. Re5 Qf3 41. R1e3 Qc6 42. Ra5 Qc7 43. Qb5 Rb8 44. Qe5 Qxe5 45. dxe5 Rb7 46. Kg2 g5 47. Rd3 Kg7 48. Ra8 Rb5 49. Re3 h5 50. Ra7 g4 51. hxg4 hxg4 52. Kf1 Rb2 53. Rd3 Kg6 54. Rdd7 Kf5 55. Rxf7+ Kxe5 56. Ra5+ Kd6 57. Ra6+ Kd5 58. Rd7+ Ke5 59. Re7 Rxa2 60. Rexe6+ Kf5 61. Rf6+ Ke5 62. Rfe6+ Kf5 63. Re3 a3 64. Ra5+ Kf6 65. Rd3 Rc6 66. Rd4 Rxc3 67. Rf4+ Ke6 68. Re4+ Kf6 69. Ra6+ Kf5 70. Rf4+ Ke5 71. Rxg4 Rf3 72. Ra5+ Kf6 73. Ra6+ Ke5 74. Ra5+ Kf6 75. Rf4+ Rxf4 76. gxf4 Ra1+ 77. Kg2 a2 1/2-1/2

[Event "81st ch-ESP 2016"]
[White "Guerra Rivera, Salvador"]
[Black "Garcia Martin, Marta"]
[Site "Linares ESP"]
[Result "1-0"]
[Date "2016.08.13"]
[WhiteElo "2285"]
[BlackElo "2229"]
[PlyCount "69"]

1. e4 e5 2. Nf3 Nc6 3. Nc3 Nf6 4. g3 d5 5. exd5 Nxd5 6. Bg2 Nxc3 7. bxc3 Bd6 8. 0-0 0-0 9. Rb1 Rb8 10. d4 Bg4 11. h3 Bh5 12. g4 Bg6 13. dxe5 Nxe5 14. Nxe5 Bxe5 15. Qxd8 Rfxd8 16. f4 Bxc2 17. Rb2 Bd3 18. fxe5 Bxf1 19. Bxf1 Rd1 20. Bf4 h6 21. Kg2 g5 22. Be3 b6 23. Bc4 Re8 24. Rf2 Re7 25. Rf6 c5 26. e6 fxe6 27. Rxh6 Kg7 28. Bxg5 Re8 29. h4 e5 30. h5 e4 31. Rg6+ Kh7 32. Bf7 Rf8 33. Rf6 Rfd8 34. Bg6+ Kh8 35. Bf5 1-0

[Event "81st ch-ESP 2016"]
[White "Sanchez Aller, Fernando"]
[Black "Gines Esteo, Pedro Antonio"]
[Site "Linares ESP"]
[Result "0-1"]
[Date "2016.08.13"]
[WhiteElo "2281"]
[BlackElo "2194"]
[PlyCount "96"]

1. e4 d6 2. d4 Nf6 3. Nc3 e5 4. Nf3 Nbd7 5. Bc4 Be7 6. 0-0 0-0 7. Re1 a6 8. a3 b5 9. Ba2 c6 10. h3 Qc7 11. Qd3 a5 12. dxe5 dxe5 13. Nh4 Nc5 14. Qf3 b4 15. Nb1 Ne6 16. Nf5 g6 17. Qg3 Bc5 18. Qh4 Nh5 19. Nd2 Nhf4 20. Nf3 gxf5 21. exf5 Nd4 22. Nxd4 Bxd4 23. Qg5+ Kh8 24. Qf6+ Kg8 25. Bxf4 exf4 26. Qxd4 Bxf5 27. Qf6 Bg6 28. Re7 Qd8 29. Rae1 Ra7 30. axb4 axb4 31. Bb3 Rxe7 32. Qxe7 Qxe7 33. Rxe7 Rd8 34. f3 Rd2 35. Rc7 Bxc2 36. Bxf7+ Kf8 37. Be6 b3 38. Rf7+ Ke8 39. Rb7 Rd3 40. Bc4 Re3 41. Kf2 h6 42. Rf7 Bd3 43. Rxf4 Re2+ 44. Kg3 Bxc4 45. Rxc4 Kd7 46. Rd4+ Ke6 47. Re4+ Rxe4 48. fxe4 c5 0-1